000 00743nam a2200217 i 4500
999 _c101439
_d101439
001 C2-0297038
003 PPAK
005 20190625155839.0
008 090506s2008 xx a|||| ||||| | may d
040 _aPPAK
_beng
_cPPAK
_erda
082 0 4 _a769.59
_223
090 0 0 _a769.59
_bMAJ
_dKK
245 0 0 _aMajlis pelancaran setem kenang-kenagan sempenajubli emas pemerintahan Kebawah Duli Maha Mulia Tuanku Mu'adzam Shah Sultan Kedah.
264 1 _a[place of publication not identified] :
_b[publisher not identified] ,
_c2008
300 _a20 pages :
_bcolour illustrations ;
_c18 cm
336 _2rdacontent
_atext
337 _2rdamedia
_aunmediated
338 _2rdacarrier
_avolume
650 1 0 _aPostage - Stamps - Kedah
942 _cB
_2ddc